00463nam a2200169Ia 450000500170000000800410001702000180005804100120007608200150008810000190010324500560012226000420017830000190022065000110023965000170025070000260026720260429111918.0260429s9999||||xx |||||||||||||| ||und|| a9788119283071 aEnglish a615.4bCHI aChillara, Biju 0aSmart materials for drug delivery / cBiju Chillara aNew Delhi : bBio-Green Books,c2024. aix, 199 p.; hb a Drugs aPharmacology a Bhattiprolu, Mallesh